| 000 | 01484cam a2200325 a 4500 | ||
|---|---|---|---|
| 001 | 000007628 | ||
| 005 | 20200929154234.0 | ||
| 008 | 950120s1994 flua bc 001 0 eng d | ||
| 020 | _a0935761071 | ||
| 035 | _a(DLC) 95135344 | ||
| 035 | _a(OCoLC)31861301 | ||
| 040 |
_aDO-SdBNP _bspa _cBNPHU _dDLC |
||
| 050 | 0 | 0 |
_aNE2325.5.M5 _bA4 1994 |
| 051 |
_aNE2325.5.M5 _bA4 1994 Copy 3 _cProvenance: Gift of Jay I. Kislak Foundation. |
||
| 082 |
_a769.92 _220 _bC965m |
||
| 100 | 1 |
_aCueto, Emilio, _d1944- _921122 |
|
| 245 | 1 | 0 |
_aMialhe's colonial Cuba : _bthe prints that shaped the world's view of Cuba / _cEmilio Cueto. |
| 260 |
_aMiami : _bHistorical Association of Southern Florida, _cc1994. |
||
| 300 |
_avii, 132 p. : _bil. ; _c22 cm. |
||
| 500 | _aCatálogo de una exposición celebrada en el Museo Histórico del Sur de la Florida de 6 de octubre 1994-enero 30, 1995. | ||
| 504 | _aIncluye referencias bibliográficas (p. 125-128) e índice. | ||
| 600 | 1 | 0 |
_aMialhe, Frederic, _d1810-1881 _vExhibitions. _921163 |
| 651 | 0 |
_aCuba _vIin art _vExhibitions. _921164 |
|
| 650 | 0 |
_aLithography _xPrivate collections _zWashington (D.C.{Rpara} _vExhibitions. _921165 |
|
| 600 | 1 | 0 |
_aCueto, Emilio, _d1944- _xArt collections _vExhibitions. _921166 |
| 700 | 1 |
_aMialhe, Frederic, _d1810-1881. _921167 |
|
| 710 | 1 |
_aHistorical Museum of Southern Florida (Miami, Fla.) _921126 |
|
| 710 | 1 |
_aJay I. Kislak Reference Collection (Library of Congress) _5DLC _921168 |
|
| 910 | _aCatalogación por copia / LC | ||
| 999 |
_c7408 _d7408 |
||